Normal view
MARC view
- Supervised by Asst Prof Maj (R) Fazal Ahmad
Entry Personal Name
001 - CONTROL NUMBER
- control field: 131993
003 - CONTROL NUMBER IDENTIFIER
- control field: NUST
005 - DATE AND TIME OF LATEST TRANSACTION
- control field: 20251121181135.0
008 - FIXED-LENGTH DATA ELEMENTS
- fixed length control field: 251121|| aca||aabn | a|a d
040 ## - CATALOGING SOURCE
- Original cataloging agency: NUST
- Transcribing agency: NUST
100 ## - HEADING--PERSONAL NAME
- Personal name: Supervised by Asst Prof Maj (R) Fazal Ahmad
670 ## - SOURCE DATA FOUND
- Source citation: Work cat.: (NUST)184063: Asif , Capt. Nadeem (TCC-17A) 131992, Telemetry Via GSM /, 2009
